000 00487nam a2200157 i 4500
001 64752
003 ES-MaACL
005 20230906165213.0
007 t|
008 040105s1971 sp ||||1| spa d
100 1 _aFornies Baigorri, Ascensión.
_951789
245 1 0 _aFuentes del derecho mercantil /
_cpor Ascensión Fornies Baigorri.
260 _aMadrid :
_bConfederación Española de Cajas de Ahorros,
_c[1971]
300 _a137 p. ;
_c21 cm.
852 _aES-MaACL
_jC-48274
_bR.77883
999 _c64752
_d64752